En torno del fascismo italiano (Record no. 39205)

MARC details
000 -LEADER
campo de control de longitud fija 00682nam a2200181 i 4500
001 - NÚMERO DE CONTROL
campo de control 39205
003 - IDENTIFICADOR DE NÚMERO DE CONTROL
campo de control ES-MaACL
005 - FECHA Y HORA DE LA ÚLTIMA TRANSACCIÓN
campo de control 20240221063025.0
008 - DATOS DE LONGITUD FIJA--INFORMACIÓN GENERAL
campo de control de longitud fija 030227s1925 sp |||| | spa d
100 1# - ENTRADA PRINCIPAL--NOMBRE DE PERSONA
Nombre de persona Cambó, Francesc,
Fechas asociadas al nombre 1876-1947
9 (RLIN) 34032
245 10 - MENCIÓN DEL TÍTULO
Título En torno del fascismo italiano
Resto del título : meditaciones y comentarios sobre problemas de política contemporánea /
Mención de responsabilidad, etc. Francesc Cambó ; prólogo de Ángel Ossorio y Gallado.
260 ## - PUBLICACIÓN, DISTRIBUCIÓN, ETC.
Lugar de publicación, distribución, etc. Barcelona :
Nombre del editor, distribuidor, etc. [s.n.,
Fecha de publicación, distribución, etc. 1925] (
Fabricante Emporium)
300 ## - DESCRIPCIÓN FÍSICA
Extensión 219 p. ;
Dimensiones 19 cm.
650 ## - PUNTO DE ACCESO ADICIONAL DE MATERIA--TÉRMINO DE MATERIA
Término de materia o nombre geográfico como elemento de entrada Fascismo-
Subdivisión geográfica Italia.
9 (RLIN) 160050
700 1# - ENTRADA AGREGADA--NOMBRE PERSONAL
Nombre de persona Ossorio y Gallardo, Ángel,
Fechas asociadas al nombre 1873-1946
9 (RLIN) 138613
852 ## - LOCALIZACIÓN
Ubicación ES-MaACL
Número de control de estantería F-6702
Holdings
Estatus retirado Estado de pérdida Estado de daño No para préstamo Biblioteca de origen Biblioteca actual Ubicación en estantería Fecha de adquisición Fuente de adquisición Total de préstamos Signatura topográfica completa Código de barras Visto por última vez Precio de reemplazo Tipo de ítem Koha
        Biblioteca del Ateneo de Madrid Biblioteca del Ateneo de Madrid Depósito 2 17/01/2008     F-6702 1041284 23/02/2023 23/02/2023 Libro impreso